| 000 | 01933cam a22005294i 4500 | ||
|---|---|---|---|
| 003 | PE-LiUPU | ||
| 005 | 20250731173509.0 | ||
| 008 | 150616s r 000 0 d | ||
| 035 | _a(Sirsi) a7262 | ||
| 040 |
_aPE-LiUPU _bspa _cPE-LiUPU _erda |
||
| 049 | _aPRUA | ||
| 082 | 0 | 4 |
_a223 _bA14 _221 |
| 100 | 1 |
_aAbrego de Lacy, José María, _eautor. |
|
| 245 | 1 | 0 |
_aLamentaciones, Cantar de los Cantares, Eclesiastés, Sabiduría (Texto y Comentario) / _cJosé María Abrego de Lacy. |
| 264 | 1 |
_aNavarra, España : _bVerbo Divino, _c1992. |
|
| 300 |
_a234 páginas ; _c17 cm. |
||
| 336 |
_atext _2rdacontent |
||
| 337 |
_aunmediated _2rdamedia |
||
| 338 |
_avolume _2rdacarrier |
||
| 490 | 0 |
_aEl mensaje del Antiguo Testamento ; _v21 |
|
| 500 |
_aLibros Apócrifos _bVéase _cBIBLIA - CANON. |
||
| 505 | 0 | _aTexto y comentario de Lamentaciones, Cantar de los Cantares. Eclesiastés y Sabiduría. | |
| 526 | _aSEG42 | ||
| 526 | _aSEG41 | ||
| 526 | _aSEG40 | ||
| 526 | _aSEG39 | ||
| 526 | _aP94 | ||
| 526 | _aP87 | ||
| 526 | _aP86 | ||
| 526 | _aP85 | ||
| 526 | _aP77 | ||
| 526 | _aP76 | ||
| 526 | _aP35 | ||
| 630 |
_aBiblia. _pA.T. _pLamentaciones _xComentarios. |
||
| 630 |
_aBiblia. _pA.T. _pCantares _xComentarios. |
||
| 630 |
_aBiblia. _pA.T. _pEclesiastés _xComentarios. |
||
| 630 |
_aBiblia. _pA.T. _pSabiduría _xComentarios. |
||
| 700 | 1 |
_aFlor Serrano, Gonzalo, _eeditor. |
|
| 700 | 1 |
_aMenchen Carrasco, Joaquin, _eeditor. |
|
| 910 |
_ajck _bjvq _cjck |
||
| 942 |
_2ddc _cBOOK |
||
| 949 |
_a223 A14 _wDEWEY _c1 _i40704 _lCCODEBUL1 _mBUL _p00.00 _r0 _sY _tBOOK _u19960225 _xTEOLOGIA _zUNKNOWN _0COMPRA _o.STAFF. Colección General |
||
| 994 |
_aC0 _bPEPRU |
||
| 596 | _a1 | ||
| 999 |
_a223 A14 _wDEWEY _c58486 _i40704 _f2021-11-11 _g5 _lCCODEBUL1 _mBUL _r0 _sY _tBOOK _u2015-6-16 _xTEOLOGIA _zUNKNOWN _0COMPRA _o.STAFF. Colección General _d58486 |
||
| 980 |
_81 _gALBERTO SANCHEZ Responsable de Automatización |
||